Jean-Baptiste Bernadotte: Marschall Napoleons-König von Schweden

保存先:
書誌詳細
第一著者: Amelunxen, Clemens (著者)
フォーマット: 図書
言語:ドイツ語
出版事項: Colonia Carl Heymanns 1991
主題:
タグ: タグ追加
タグなし, このレコードへの初めてのタグを付けませんか!

MARC

LEADER 00000nam a2200000 a 4500
001 UCH1823
003 CL-VaPUC
008 090514e19910000GW |||||||||||||||||ger|d
020 |a 3452222284 
082 0 4 |a 923.1  |b AME  |2 21 
100 0 |a Amelunxen, Clemens  |e author  |9 536369 
245 1 0 |a Jean-Baptiste Bernadotte: Marschall Napoleons-König von Schweden 
300 |a 142 p 
942 |c BK 
945 |d 20090514 00:00:00  |a rbrito 
260 |a Colonia  |b Carl Heymanns  |c 1991 
600 0 7 |a BERNADOTTE, JEAN BAPTISTE  |2 CL-VaPUC  |9 536370 
650 0 |a Biografías  |9 255210 
650 0 |a Militares   |9 336881 
651 0 |a Alemania  |9 255688 
583 |a last modification  |c 20090514 00:00:00  |k Rodrigo Vera 
999 |c 333720  |d 333718 
952 |0 0  |1 0  |4 0  |6 923_100000000000000_AME_1991  |7 0  |8 A  |9 422319  |a BIBDER  |b BIBDER  |d 2019-11-22  |i 4545885  |o 923.1 AME 1991  |p 4545885  |r 2023-01-25  |w 2019-11-22  |y BK  |k DER